Hermenéutica sacra seu introductio in omnes et singulos libros sacros veteris ac novi foederis.

Detalles Bibliográficos
Autor principal: JANSSENS, I.H
Formato: Libro
Publicado: Turín 1890
Edición:16a. ed.
Materias:
Colección:Banco de datos
Acervo:Biblioteca del Convento de San Pablo. Yuririahupándaro. Guanajuato
Tema general:Biblia
Notas:Buena. Ex libris de Fr. Gundislavo m. Tapia. 2K3, 8.
LEADER 00737nam a22002050004500
035 |a 36175 
036 |a 1816 
100 1 |a JANSSENS, I.H. 
245 1 0 |a Hermenéutica sacra seu introductio in omnes et singulos libros sacros veteris ac novi foederis. 
250 |a 16a. ed. 
260 |a Turín  |b Jacinto Marietti imp.  |c 1890 
500 |a Buena. Ex libris de Fr. Gundislavo m. Tapia. 2K3, 8. 
650 1 0 |a Biblia 
949 |a CRG-CY 
959 |a Ex convento de San Pablo, Museo Regional de Yuririahpúndaro, Guanajuato  |b CCC9 
960 |a Convento San Pablo Yuririahpúndaro, Guanajuato  |b DD86 
961 |a Agustina  |b OA 
942 |c CRG-CY 
943 |g Biblioteca del Convento de San Pablo. Yuririahupándaro. Guanajuato 
999 |c 956841  |d 956841